| 000 | 00466nam a2200181Ia 4500 | ||
|---|---|---|---|
| 003 | GCL | ||
| 008 | 140319s9999 xx 000 0 eng d | ||
| 040 |
_aGCL / _cGCL |
||
| 082 | 0 | 4 |
_a743.42 _bL O |
| 100 | 1 | _aLEVEILLE, PAUL | |
| 245 | 1 | 0 |
_aDRAWING EXPRESSIVE PORTRAITS / _cLEVEILLE, PAUL |
| 260 |
_a[S.N] : _bNORTH LIGHT BOOKS ، _c1996 |
||
| 300 | _a127 P | ||
| 650 | 0 | 4 | _aDRAWING |
| 650 | 0 | 4 | _aART |
| 650 | 0 | 4 | _aPORTRAIT PAINTING - TECHNIQUES |
| 942 |
_2ddc _cBK |
||
| 999 |
_c15817 _d15817 |
||